[Event "San Francisco TNM Summer op"]
[Site "San Francisco"]
[Date "2016.06.21"]
[Round "5"]
[White "Babayan, Gagik"]
[Black "Bannan, Frank"]
[Result "1-0"]
[WhiteElo "1861"]
[BlackElo "1935"]
[PlyCount "59"]
[EventDate "2016.05.24"]
[EventType "swiss"]
[EventRounds "8"]
[EventCountry "USA"]
[SourceTitle "EXT 2018"]
[Source "ChessBase"]
[SourceDate "2017.10.13"]
[SourceVersion "1"]
[SourceVersionDate "2017.10.13"]
[SourceQuality "1"]

1. e4 e5 2. Nf3 Nf6 3. d4 Be7 4. dxe5 Nxe4 5. Bd3 Nc5 6. Bc4 0-0 7. 0-0 Nc6 8. c3 Ne6 9. Nbd2 d6 10. exd6 Bxd6 11. Ne4 Be7 12. Qc2 a6 13. Rd1 Qe8 14. Be3 h6 15. b4 Bd7 16. Ng3 Bf6 17. Rab1 Rd8 18. Nh5 Be7 19. a3 Bc8 20. Rxd8 Qxd8 21. Rd1 Qe8 22. h3 Bd6 23. Bxe6 Bxe6 24. Bxh6 f5 25. Nxg7 Qg6 26. Nxe6 Re8 27. Bf4 Rxe6 28. Bxd6 cxd6 29. Nh4 Qg5 30. Nxf5 1-0

[Event "San Francisco TNM Summer op"]
[Site "San Francisco"]
[Date "2016.06.14"]
[Round "4"]
[White "Rakonitz, David"]
[Black "Bannan, Frank"]
[Result "0-1"]
[WhiteElo "1659"]
[BlackElo "1935"]
[PlyCount "81"]
[EventDate "2016.05.24"]
[EventType "swiss"]
[EventRounds "8"]
[EventCountry "USA"]
[SourceTitle "EXT 2018"]
[Source "ChessBase"]
[SourceDate "2017.10.13"]
[SourceVersion "1"]
[SourceVersionDate "2017.10.13"]
[SourceQuality "1"]

1. d4 Nf6 2. Nf3 g6 3. c4 c5 4. d5 d6 5. Nc3 Bg7 6. Nd2 0-0 7. e4 Ne8 8. Be2 Qa5 9. Qc2 f5 10. Nb3 Qd8 11. f4 Na6 12. a3 fxe4 13. Nxe4 Bd7 14. Nc3 Rb8 15. 0-0 Nac7 16. Nd2 b5 17. Rb1 bxc4 18. Bxc4 Bf5 19. Bd3 Bxc3 20. Bxf5 Bxd2 21. Bxg6 Bxc1 22. Bxh7+ Kh8 23. Rbxc1 Rf7 24. Be4 Nf6 25. Qc3 Nb5 26. Qh3+ Nh7 27. Rf3 Nd4 28. Rf2 Rg7 29. Rc3 Qg8 30. f5 Rf8 31. f6 Rxf6 32. Rg3 Rxg3 33. hxg3 Rxf2 34. Kxf2 Qf7+ 35. Ke3 Kg8 36. Qc8+ Kg7 37. Qg4+ Kh8 38. Qc8+ Qg8 39. Qh3 Qg5+ 40. Kd3 Qg8 41. Qh4 0-1